000
00353nam a2200181Ia 4500
100
_a
Bashir/Imran
650
_a
Block chain
250
_a
3
942
_c
RB
366
_f
23
654
_a
mastering blockchain
245
_a
Mastering Blockchain
260
_b
PACKT
_c
2020
082
_b
BAS
300
_a
788
546
_a
ENGLISH
999
_c
26013
_d
26013